|
|
|
|
| LEADER |
00000nam a22000007a 4500 |
| 005 |
20210426210710.0 |
| 007 |
cr|||| |||| |
| 008 |
210426s2021 br |||||s|||| 00||0 por d |
| 020 |
|
|
|a 978-65-86834-05-5
|
| 035 |
|
|
|a 33144
|
| 040 |
|
|
|a vLex
|
| 090 |
|
|
|c 11522
|d 11522
|
| 100 |
1 |
|
|a Pinheiro Neto, Luiz Felipe
|
| 245 |
1 |
0 |
|a Pacote anticrime
|h [Recurso electrn̤ico] :
|b comentr̀ios ̉lei 13.964/2019 /
|c Luiz Felipe Pinheiro Neto
|
| 256 |
|
|
|a Servicio en ln̕ea
|
| 260 |
|
|
|a Belo Horizonte:
|b Initia Via Editora,
|c 2021
|
| 300 |
|
|
|a 1 recurso electrn̤ico
|
| 506 |
1 |
|
|a Disponible solo en los productos indicados
|d vLex Global
|d vLex Global (Academic Edition, excluding Law Schools)
|d vLex Global (U.S. Academic Edition, Law Schools)
|d vLex Global (U.S. Academic Edition, excluding Law Schools)
|d vLex Global (Academic Edition, Law Schools)
|
| 650 |
0 |
4 |
|a Derecho Penal
|z Brasil
|
| 740 |
0 |
|
|a vLex Libros (Servicio en ln̕ea)
|
| 856 |
4 |
0 |
|u https://vlex.com/source/pacote-anticrime-comentarios-lei-13-964-2019-33144
|z Acceso restringido
|
| 942 |
|
|
|c BOOK
|
| 999 |
0 |
|
|a Criminal law
|